Reino de la oscura gente /
שמור ב:
| מחבר ראשי: | |
|---|---|
| פורמט: | לא ידוע |
| שפה: | Spanish |
| יצא לאור: |
San José :
Editorial Costa Rica,
2003.
|
| מהדורה: | 1 edición |
| נושאים: | |
| תגים: |
הוספת תג
אין תגיות, היה/י הראשונ/ה לתייג את הרשומה!
|
MARC
| LEADER | 000000000a22000000004500 | ||
|---|---|---|---|
| 001 | 014743 | ||
| 020 | |a 997723793x | ||
| 041 | 0 | |a spa | |
| 082 | 0 | 4 | |a CR863.4 |b H967r |
| 100 | 1 | |a Hurtado, Gerardo Cesar, |d 1949- | |
| 245 | 1 | 0 | |a Reino de la oscura gente / |c Gerardo Cesar Hurtado. |
| 250 | |a 1 edición | ||
| 260 | 1 | |a San José : |b Editorial Costa Rica, |c 2003. | |
| 300 | |a 170 páginas ; |c 21 x 14 cm | ||
| 650 | 4 | |a LITERATURA COSTARRICENSE | |
| 650 | 4 | |a CUENTOS | |
| 999 | |c 20613 |d 20613 | ||
| 942 | |c BK |h CR863.4 H967r |2 z | ||



